<?xml version="1.0" encoding="UTF-8"?>
<record
    xmlns:xsi="http://www.w3.org/2001/XMLSchema-instance"
    xsi:schemaLocation="http://www.loc.gov/MARC21/slim http://www.loc.gov/standards/marcxml/schema/MARC21slim.xsd"
    xmlns="http://www.loc.gov/MARC21/slim">

  <leader>01240nam a22003017a 4500</leader>
  <datafield tag="999" ind1=" " ind2=" ">
    <subfield code="c">161782</subfield>
    <subfield code="d">161782</subfield>
  </datafield>
  <controlfield tag="005">20210728125410.0</controlfield>
  <datafield tag="010" ind1=" " ind2=" ">
    <subfield code="a">1819CHEN   B-718566-649                  B-740673</subfield>
  </datafield>
  <datafield tag="020" ind1=" " ind2=" ">
    <subfield code="a">9788181537515 Pt.1</subfield>
    <subfield code="c">120.00  each</subfield>
  </datafield>
  <datafield tag="020" ind1=" " ind2=" ">
    <subfield code="a">9788181537522  Pt.2</subfield>
    <subfield code="c">120.00 each</subfield>
  </datafield>
  <datafield tag="020" ind1=" " ind2=" ">
    <subfield code="a">9788181537539  Pt.3</subfield>
    <subfield code="c">120.00  each</subfield>
  </datafield>
  <datafield tag="020" ind1=" " ind2=" ">
    <subfield code="a">9788181537546  Pt.4</subfield>
    <subfield code="c">120.00  each</subfield>
  </datafield>
  <datafield tag="035" ind1=" " ind2=" ">
    <subfield code="a">B-718566-649</subfield>
  </datafield>
  <datafield tag="035" ind1=" " ind2=" ">
    <subfield code="a">B-728558-561</subfield>
  </datafield>
  <datafield tag="035" ind1=" " ind2=" ">
    <subfield code="a">B-740673</subfield>
  </datafield>
  <datafield tag="037" ind1=" " ind2=" ">
    <subfield code="b">Rainbow Books </subfield>
  </datafield>
  <datafield tag="037" ind1=" " ind2=" ">
    <subfield code="b">Gift</subfield>
  </datafield>
  <datafield tag="082" ind1=" " ind2=" ">
    <subfield code="a">030</subfield>
  </datafield>
  <datafield tag="245" ind1=" " ind2=" ">
    <subfield code="a">Rainbow children's first concise encyclopedia /</subfield>
    <subfield code="c">compiled and edited by Akankasha</subfield>
  </datafield>
  <datafield tag="260" ind1=" " ind2=" ">
    <subfield code="a">Delhi </subfield>
    <subfield code="b">Rainbow  Books </subfield>
    <subfield code="c">2017</subfield>
  </datafield>
  <datafield tag="270" ind1=" " ind2=" ">
    <subfield code="a">F-32, Street No.12, Parwana Road, Jagat Puri, </subfield>
    <subfield code="b">Delhi </subfield>
    <subfield code="e">110051</subfield>
  </datafield>
  <datafield tag="300" ind1=" " ind2=" ">
    <subfield code="a">4Pts.(160p.; 160p.; 160p.; 160p.):</subfield>
    <subfield code="c">21cm(pbk)</subfield>
    <subfield code="b">ill.</subfield>
  </datafield>
  <datafield tag="500" ind1=" " ind2=" ">
    <subfield code="a">Airport</subfield>
  </datafield>
  <datafield tag="700" ind1=" " ind2=" ">
    <subfield code="a">Akankasha</subfield>
  </datafield>
  <datafield tag="942" ind1=" " ind2=" ">
    <subfield code="2">ddc</subfield>
    <subfield code="c">CH</subfield>
    <subfield code="m">RAI</subfield>
    <subfield code="h">030</subfield>
  </datafield>
  <datafield tag="952" ind1=" " ind2=" ">
    <subfield code="0">0</subfield>
    <subfield code="1">0</subfield>
    <subfield code="3">Part- 1</subfield>
    <subfield code="4">0</subfield>
    <subfield code="7">0</subfield>
    <subfield code="8">NFIC</subfield>
    <subfield code="a">M</subfield>
    <subfield code="b">M</subfield>
    <subfield code="d">2019-04-22</subfield>
    <subfield code="e">Rainbow Books/RB/9706/20-03-19/628/13-03-19/28-03-19</subfield>
    <subfield code="g">120.00</subfield>
    <subfield code="l">0</subfield>
    <subfield code="o">030 RAI</subfield>
    <subfield code="p">B-718566</subfield>
    <subfield code="r">2019-04-22 00:00:00</subfield>
    <subfield code="t">20</subfield>
    <subfield code="v">120.00</subfield>
    <subfield code="y">CH</subfield>
    <subfield code="z">AAI(CSR)</subfield>
  </datafield>
  <datafield tag="952" ind1=" " ind2=" ">
    <subfield code="0">0</subfield>
    <subfield code="1">0</subfield>
    <subfield code="3">Part- 2</subfield>
    <subfield code="4">0</subfield>
    <subfield code="7">0</subfield>
    <subfield code="8">NFIC</subfield>
    <subfield code="a">M</subfield>
    <subfield code="b">M</subfield>
    <subfield code="d">2019-04-22</subfield>
    <subfield code="e">Rainbow Books/RB/9706/20-03-19/628/13-03-19/28-03-19</subfield>
    <subfield code="g">120.00</subfield>
    <subfield code="l">0</subfield>
    <subfield code="o">030 RAI</subfield>
    <subfield code="p">B-718567</subfield>
    <subfield code="r">2019-04-22 00:00:00</subfield>
    <subfield code="t">20</subfield>
    <subfield code="v">120.00</subfield>
    <subfield code="y">CH</subfield>
    <subfield code="z">AAI(CSR)</subfield>
  </datafield>
  <datafield tag="952" ind1=" " ind2=" ">
    <subfield code="0">0</subfield>
    <subfield code="1">0</subfield>
    <subfield code="3">Part- 3</subfield>
    <subfield code="4">0</subfield>
    <subfield code="7">0</subfield>
    <subfield code="8">NFIC</subfield>
    <subfield code="a">M</subfield>
    <subfield code="b">M</subfield>
    <subfield code="d">2019-04-22</subfield>
    <subfield code="e">Rainbow Books/RB/9706/20-03-19/628/13-03-19/28-03-19</subfield>
    <subfield code="g">120.00</subfield>
    <subfield code="l">0</subfield>
    <subfield code="o">030 RAI</subfield>
    <subfield code="p">B-718568</subfield>
    <subfield code="r">2019-04-22 00:00:00</subfield>
    <subfield code="t">20</subfield>
    <subfield code="v">120.00</subfield>
    <subfield code="y">CH</subfield>
    <subfield code="z">AAI(CSR)</subfield>
  </datafield>
  <datafield tag="952" ind1=" " ind2=" ">
    <subfield code="0">0</subfield>
    <subfield code="1">0</subfield>
    <subfield code="3">Part- 4</subfield>
    <subfield code="4">0</subfield>
    <subfield code="7">0</subfield>
    <subfield code="8">NFIC</subfield>
    <subfield code="a">M</subfield>
    <subfield code="b">M</subfield>
    <subfield code="d">2019-04-22</subfield>
    <subfield code="e">Rainbow Books/RB/9706/20-03-19/628/13-03-19/28-03-19</subfield>
    <subfield code="g">120.00</subfield>
    <subfield code="l">0</subfield>
    <subfield code="o">030 RAI</subfield>
    <subfield code="p">B-718569</subfield>
    <subfield code="r">2019-04-22 00:00:00</subfield>
    <subfield code="t">20</subfield>
    <subfield code="v">120.00</subfield>
    <subfield code="y">CH</subfield>
    <subfield code="z">AAI(CSR)</subfield>
  </datafield>
  <datafield tag="952" ind1=" " ind2=" ">
    <subfield code="0">0</subfield>
    <subfield code="1">0</subfield>
    <subfield code="3">Part- 1</subfield>
    <subfield code="4">0</subfield>
    <subfield code="7">0</subfield>
    <subfield code="8">NFIC</subfield>
    <subfield code="a">M</subfield>
    <subfield code="b">M</subfield>
    <subfield code="d">2019-04-22</subfield>
    <subfield code="e">Rainbow Books/RB/9706/20-03-19/628/13-03-19/28-03-19</subfield>
    <subfield code="g">120.00</subfield>
    <subfield code="l">0</subfield>
    <subfield code="o">030 RAI</subfield>
    <subfield code="p">B-718570</subfield>
    <subfield code="r">2019-04-22 00:00:00</subfield>
    <subfield code="t">20</subfield>
    <subfield code="v">120.00</subfield>
    <subfield code="y">CH</subfield>
    <subfield code="z">AAI(CSR)</subfield>
  </datafield>
  <datafield tag="952" ind1=" " ind2=" ">
    <subfield code="0">0</subfield>
    <subfield code="1">0</subfield>
    <subfield code="3">Part- 2</subfield>
    <subfield code="4">0</subfield>
    <subfield code="7">0</subfield>
    <subfield code="8">NFIC</subfield>
    <subfield code="a">M</subfield>
    <subfield code="b">M</subfield>
    <subfield code="d">2019-04-22</subfield>
    <subfield code="e">Rainbow Books/RB/9706/20-03-19/628/13-03-19/28-03-19</subfield>
    <subfield code="g">120.00</subfield>
    <subfield code="l">0</subfield>
    <subfield code="o">030 RAI</subfield>
    <subfield code="p">B-718571</subfield>
    <subfield code="r">2019-04-22 00:00:00</subfield>
    <subfield code="t">20</subfield>
    <subfield code="v">120.00</subfield>
    <subfield code="y">CH</subfield>
    <subfield code="z">AAI(CSR)</subfield>
  </datafield>
  <datafield tag="952" ind1=" " ind2=" ">
    <subfield code="0">0</subfield>
    <subfield code="1">0</subfield>
    <subfield code="3">Part- 3</subfield>
    <subfield code="4">0</subfield>
    <subfield code="7">0</subfield>
    <subfield code="8">NFIC</subfield>
    <subfield code="a">M</subfield>
    <subfield code="b">M</subfield>
    <subfield code="d">2019-04-22</subfield>
    <subfield code="e">Rainbow Books/RB/9706/20-03-19/628/13-03-19/28-03-19</subfield>
    <subfield code="g">120.00</subfield>
    <subfield code="l">0</subfield>
    <subfield code="o">030 RAI</subfield>
    <subfield code="p">B-718572</subfield>
    <subfield code="r">2019-04-22 00:00:00</subfield>
    <subfield code="t">20</subfield>
    <subfield code="v">120.00</subfield>
    <subfield code="y">CH</subfield>
    <subfield code="z">AAI(CSR)</subfield>
  </datafield>
  <datafield tag="952" ind1=" " ind2=" ">
    <subfield code="0">0</subfield>
    <subfield code="1">0</subfield>
    <subfield code="3">Part- 4</subfield>
    <subfield code="4">0</subfield>
    <subfield code="7">0</subfield>
    <subfield code="8">NFIC</subfield>
    <subfield code="a">M</subfield>
    <subfield code="b">M</subfield>
    <subfield code="d">2019-04-22</subfield>
    <subfield code="e">Rainbow Books/RB/9706/20-03-19/628/13-03-19/28-03-19</subfield>
    <subfield code="g">120.00</subfield>
    <subfield code="l">0</subfield>
    <subfield code="o">030 RAI</subfield>
    <subfield code="p">B-718573</subfield>
    <subfield code="r">2019-04-22 00:00:00</subfield>
    <subfield code="t">20</subfield>
    <subfield code="v">120.00</subfield>
    <subfield code="y">CH</subfield>
    <subfield code="z">AAI(CSR)</subfield>
  </datafield>
  <datafield tag="952" ind1=" " ind2=" ">
    <subfield code="0">0</subfield>
    <subfield code="1">0</subfield>
    <subfield code="3">Part- 1</subfield>
    <subfield code="4">0</subfield>
    <subfield code="7">0</subfield>
    <subfield code="8">NFIC</subfield>
    <subfield code="a">M</subfield>
    <subfield code="b">M</subfield>
    <subfield code="d">2019-04-22</subfield>
    <subfield code="e">Rainbow Books/RB/9706/20-03-19/628/13-03-19/28-03-19</subfield>
    <subfield code="g">120.00</subfield>
    <subfield code="l">0</subfield>
    <subfield code="o">030 RAI</subfield>
    <subfield code="p">B-718574</subfield>
    <subfield code="r">2019-04-22 00:00:00</subfield>
    <subfield code="t">20</subfield>
    <subfield code="v">120.00</subfield>
    <subfield code="y">CH</subfield>
    <subfield code="z">AAI(CSR)</subfield>
  </datafield>
  <datafield tag="952" ind1=" " ind2=" ">
    <subfield code="0">0</subfield>
    <subfield code="1">0</subfield>
    <subfield code="3">Part- 2</subfield>
    <subfield code="4">0</subfield>
    <subfield code="7">0</subfield>
    <subfield code="8">NFIC</subfield>
    <subfield code="a">M</subfield>
    <subfield code="b">M</subfield>
    <subfield code="d">2019-04-22</subfield>
    <subfield code="e">Rainbow Books/RB/9706/20-03-19/628/13-03-19/28-03-19</subfield>
    <subfield code="g">120.00</subfield>
    <subfield code="l">0</subfield>
    <subfield code="o">030 RAI</subfield>
    <subfield code="p">B-718575</subfield>
    <subfield code="r">2019-04-22 00:00:00</subfield>
    <subfield code="t">20</subfield>
    <subfield code="v">120.00</subfield>
    <subfield code="y">CH</subfield>
    <subfield code="z">AAI(CSR)</subfield>
  </datafield>
  <datafield tag="952" ind1=" " ind2=" ">
    <subfield code="0">0</subfield>
    <subfield code="1">0</subfield>
    <subfield code="3">Part- 3</subfield>
    <subfield code="4">0</subfield>
    <subfield code="7">0</subfield>
    <subfield code="8">NFIC</subfield>
    <subfield code="a">M</subfield>
    <subfield code="b">M</subfield>
    <subfield code="d">2019-04-22</subfield>
    <subfield code="e">Rainbow Books/RB/9706/20-03-19/628/13-03-19/28-03-19</subfield>
    <subfield code="g">120.00</subfield>
    <subfield code="l">0</subfield>
    <subfield code="o">030 RAI</subfield>
    <subfield code="p">B-718576</subfield>
    <subfield code="r">2019-04-22 00:00:00</subfield>
    <subfield code="t">20</subfield>
    <subfield code="v">120.00</subfield>
    <subfield code="y">CH</subfield>
    <subfield code="z">AAI(CSR)</subfield>
  </datafield>
  <datafield tag="952" ind1=" " ind2=" ">
    <subfield code="0">0</subfield>
    <subfield code="1">0</subfield>
    <subfield code="3">Part- 4</subfield>
    <subfield code="4">0</subfield>
    <subfield code="7">0</subfield>
    <subfield code="8">NFIC</subfield>
    <subfield code="a">M</subfield>
    <subfield code="b">M</subfield>
    <subfield code="d">2019-04-22</subfield>
    <subfield code="e">Rainbow Books/RB/9706/20-03-19/628/13-03-19/28-03-19</subfield>
    <subfield code="g">120.00</subfield>
    <subfield code="l">0</subfield>
    <subfield code="o">030 RAI</subfield>
    <subfield code="p">B-718577</subfield>
    <subfield code="r">2019-04-22 00:00:00</subfield>
    <subfield code="t">20</subfield>
    <subfield code="v">120.00</subfield>
    <subfield code="y">CH</subfield>
    <subfield code="z">AAI(CSR)</subfield>
  </datafield>
  <datafield tag="952" ind1=" " ind2=" ">
    <subfield code="0">0</subfield>
    <subfield code="1">0</subfield>
    <subfield code="3">Part- 1</subfield>
    <subfield code="4">0</subfield>
    <subfield code="7">0</subfield>
    <subfield code="8">NFIC</subfield>
    <subfield code="a">M</subfield>
    <subfield code="b">M</subfield>
    <subfield code="d">2019-04-22</subfield>
    <subfield code="e">Rainbow Books/RB/9706/20-03-19/628/13-03-19/28-03-19</subfield>
    <subfield code="g">120.00</subfield>
    <subfield code="l">0</subfield>
    <subfield code="o">030 RAI</subfield>
    <subfield code="p">B-718578</subfield>
    <subfield code="r">2019-04-22 00:00:00</subfield>
    <subfield code="t">20</subfield>
    <subfield code="v">120.00</subfield>
    <subfield code="y">CH</subfield>
    <subfield code="z">AAI(CSR)</subfield>
  </datafield>
  <datafield tag="952" ind1=" " ind2=" ">
    <subfield code="0">0</subfield>
    <subfield code="1">0</subfield>
    <subfield code="3">Part- 2</subfield>
    <subfield code="4">0</subfield>
    <subfield code="7">0</subfield>
    <subfield code="8">NFIC</subfield>
    <subfield code="a">M</subfield>
    <subfield code="b">M</subfield>
    <subfield code="d">2019-04-22</subfield>
    <subfield code="e">Rainbow Books/RB/9706/20-03-19/628/13-03-19/28-03-19</subfield>
    <subfield code="g">120.00</subfield>
    <subfield code="l">0</subfield>
    <subfield code="o">030 RAI</subfield>
    <subfield code="p">B-718579</subfield>
    <subfield code="r">2019-04-22 00:00:00</subfield>
    <subfield code="t">20</subfield>
    <subfield code="v">120.00</subfield>
    <subfield code="y">CH</subfield>
    <subfield code="z">AAI(CSR)</subfield>
  </datafield>
  <datafield tag="952" ind1=" " ind2=" ">
    <subfield code="0">0</subfield>
    <subfield code="1">0</subfield>
    <subfield code="3">Part- 3</subfield>
    <subfield code="4">0</subfield>
    <subfield code="7">0</subfield>
    <subfield code="8">NFIC</subfield>
    <subfield code="a">M</subfield>
    <subfield code="b">M</subfield>
    <subfield code="d">2019-04-22</subfield>
    <subfield code="e">Rainbow Books/RB/9706/20-03-19/628/13-03-19/28-03-19</subfield>
    <subfield code="g">120.00</subfield>
    <subfield code="l">0</subfield>
    <subfield code="o">030 RAI</subfield>
    <subfield code="p">B-718580</subfield>
    <subfield code="r">2019-04-22 00:00:00</subfield>
    <subfield code="t">20</subfield>
    <subfield code="v">120.00</subfield>
    <subfield code="y">CH</subfield>
    <subfield code="z">AAI(CSR)</subfield>
  </datafield>
  <datafield tag="952" ind1=" " ind2=" ">
    <subfield code="0">0</subfield>
    <subfield code="1">0</subfield>
    <subfield code="3">Part- 4</subfield>
    <subfield code="4">0</subfield>
    <subfield code="7">0</subfield>
    <subfield code="8">NFIC</subfield>
    <subfield code="a">M</subfield>
    <subfield code="b">M</subfield>
    <subfield code="d">2019-04-22</subfield>
    <subfield code="e">Rainbow Books/RB/9706/20-03-19/628/13-03-19/28-03-19</subfield>
    <subfield code="g">120.00</subfield>
    <subfield code="l">0</subfield>
    <subfield code="o">030 RAI</subfield>
    <subfield code="p">B-718581</subfield>
    <subfield code="r">2019-04-22 00:00:00</subfield>
    <subfield code="t">20</subfield>
    <subfield code="v">120.00</subfield>
    <subfield code="y">CH</subfield>
    <subfield code="z">AAI(CSR)</subfield>
  </datafield>
  <datafield tag="952" ind1=" " ind2=" ">
    <subfield code="0">0</subfield>
    <subfield code="1">0</subfield>
    <subfield code="3">Part- 1</subfield>
    <subfield code="4">0</subfield>
    <subfield code="7">0</subfield>
    <subfield code="8">NFIC</subfield>
    <subfield code="a">M</subfield>
    <subfield code="b">M</subfield>
    <subfield code="d">2019-04-22</subfield>
    <subfield code="e">Rainbow Books/RB/9706/20-03-19/628/13-03-19/28-03-19</subfield>
    <subfield code="g">120.00</subfield>
    <subfield code="l">0</subfield>
    <subfield code="o">030 RAI</subfield>
    <subfield code="p">B-718582</subfield>
    <subfield code="r">2019-04-22 00:00:00</subfield>
    <subfield code="t">20</subfield>
    <subfield code="v">120.00</subfield>
    <subfield code="y">CH</subfield>
    <subfield code="z">AAI(CSR)</subfield>
  </datafield>
  <datafield tag="952" ind1=" " ind2=" ">
    <subfield code="0">0</subfield>
    <subfield code="1">0</subfield>
    <subfield code="3">Part- 2</subfield>
    <subfield code="4">0</subfield>
    <subfield code="7">0</subfield>
    <subfield code="8">NFIC</subfield>
    <subfield code="a">M</subfield>
    <subfield code="b">M</subfield>
    <subfield code="d">2019-04-22</subfield>
    <subfield code="e">Rainbow Books/RB/9706/20-03-19/628/13-03-19/28-03-19</subfield>
    <subfield code="g">120.00</subfield>
    <subfield code="l">0</subfield>
    <subfield code="o">030 RAI</subfield>
    <subfield code="p">B-718583</subfield>
    <subfield code="r">2019-04-22 00:00:00</subfield>
    <subfield code="t">20</subfield>
    <subfield code="v">120.00</subfield>
    <subfield code="y">CH</subfield>
    <subfield code="z">AAI(CSR)</subfield>
  </datafield>
  <datafield tag="952" ind1=" " ind2=" ">
    <subfield code="0">0</subfield>
    <subfield code="1">0</subfield>
    <subfield code="3">Part- 3</subfield>
    <subfield code="4">0</subfield>
    <subfield code="7">0</subfield>
    <subfield code="8">NFIC</subfield>
    <subfield code="a">M</subfield>
    <subfield code="b">M</subfield>
    <subfield code="d">2019-04-22</subfield>
    <subfield code="e">Rainbow Books/RB/9706/20-03-19/628/13-03-19/28-03-19</subfield>
    <subfield code="g">120.00</subfield>
    <subfield code="l">0</subfield>
    <subfield code="o">030 RAI</subfield>
    <subfield code="p">B-718584</subfield>
    <subfield code="r">2019-04-22 00:00:00</subfield>
    <subfield code="t">20</subfield>
    <subfield code="v">120.00</subfield>
    <subfield code="y">CH</subfield>
    <subfield code="z">AAI(CSR)</subfield>
  </datafield>
  <datafield tag="952" ind1=" " ind2=" ">
    <subfield code="0">0</subfield>
    <subfield code="1">0</subfield>
    <subfield code="3">Part- 4</subfield>
    <subfield code="4">0</subfield>
    <subfield code="7">0</subfield>
    <subfield code="8">NFIC</subfield>
    <subfield code="a">M</subfield>
    <subfield code="b">M</subfield>
    <subfield code="d">2019-04-22</subfield>
    <subfield code="e">Rainbow Books/RB/9706/20-03-19/628/13-03-19/28-03-19</subfield>
    <subfield code="g">120.00</subfield>
    <subfield code="l">0</subfield>
    <subfield code="o">030 RAI</subfield>
    <subfield code="p">B-718585</subfield>
    <subfield code="r">2019-04-22 00:00:00</subfield>
    <subfield code="t">20</subfield>
    <subfield code="v">120.00</subfield>
    <subfield code="y">CH</subfield>
    <subfield code="z">AAI(CSR)</subfield>
  </datafield>
  <datafield tag="952" ind1=" " ind2=" ">
    <subfield code="0">0</subfield>
    <subfield code="1">0</subfield>
    <subfield code="3">Part- 1</subfield>
    <subfield code="4">0</subfield>
    <subfield code="7">0</subfield>
    <subfield code="8">NFIC</subfield>
    <subfield code="a">M</subfield>
    <subfield code="b">M</subfield>
    <subfield code="d">2019-04-22</subfield>
    <subfield code="e">Rainbow Books/RB/9706/20-03-19/628/13-03-19/28-03-19</subfield>
    <subfield code="g">120.00</subfield>
    <subfield code="l">0</subfield>
    <subfield code="o">030 RAI</subfield>
    <subfield code="p">B-718586</subfield>
    <subfield code="r">2019-04-22 00:00:00</subfield>
    <subfield code="t">20</subfield>
    <subfield code="v">120.00</subfield>
    <subfield code="y">CH</subfield>
    <subfield code="z">AAI(CSR)</subfield>
  </datafield>
  <datafield tag="952" ind1=" " ind2=" ">
    <subfield code="0">0</subfield>
    <subfield code="1">0</subfield>
    <subfield code="3">Part- 2</subfield>
    <subfield code="4">0</subfield>
    <subfield code="7">0</subfield>
    <subfield code="8">NFIC</subfield>
    <subfield code="a">M</subfield>
    <subfield code="b">M</subfield>
    <subfield code="d">2019-04-22</subfield>
    <subfield code="e">Rainbow Books/RB/9706/20-03-19/628/13-03-19/28-03-19</subfield>
    <subfield code="g">120.00</subfield>
    <subfield code="l">0</subfield>
    <subfield code="o">030 RAI</subfield>
    <subfield code="p">B-718587</subfield>
    <subfield code="r">2019-04-22 00:00:00</subfield>
    <subfield code="t">20</subfield>
    <subfield code="v">120.00</subfield>
    <subfield code="y">CH</subfield>
    <subfield code="z">AAI(CSR)</subfield>
  </datafield>
  <datafield tag="952" ind1=" " ind2=" ">
    <subfield code="0">0</subfield>
    <subfield code="1">0</subfield>
    <subfield code="3">Part- 3</subfield>
    <subfield code="4">0</subfield>
    <subfield code="7">0</subfield>
    <subfield code="8">NFIC</subfield>
    <subfield code="a">M</subfield>
    <subfield code="b">M</subfield>
    <subfield code="d">2019-04-22</subfield>
    <subfield code="e">Rainbow Books/RB/9706/20-03-19/628/13-03-19/28-03-19</subfield>
    <subfield code="g">120.00</subfield>
    <subfield code="l">0</subfield>
    <subfield code="o">030 RAI</subfield>
    <subfield code="p">B-718588</subfield>
    <subfield code="r">2019-04-22 00:00:00</subfield>
    <subfield code="t">20</subfield>
    <subfield code="v">120.00</subfield>
    <subfield code="y">CH</subfield>
    <subfield code="z">AAI(CSR)</subfield>
  </datafield>
  <datafield tag="952" ind1=" " ind2=" ">
    <subfield code="0">0</subfield>
    <subfield code="1">0</subfield>
    <subfield code="3">Part- 4</subfield>
    <subfield code="4">0</subfield>
    <subfield code="7">0</subfield>
    <subfield code="8">NFIC</subfield>
    <subfield code="a">M</subfield>
    <subfield code="b">M</subfield>
    <subfield code="d">2019-04-22</subfield>
    <subfield code="e">Rainbow Books/RB/9706/20-03-19/628/13-03-19/28-03-19</subfield>
    <subfield code="g">120.00</subfield>
    <subfield code="l">0</subfield>
    <subfield code="o">030 RAI</subfield>
    <subfield code="p">B-718589</subfield>
    <subfield code="r">2019-04-22 00:00:00</subfield>
    <subfield code="t">20</subfield>
    <subfield code="v">120.00</subfield>
    <subfield code="y">CH</subfield>
    <subfield code="z">AAI(CSR)</subfield>
  </datafield>
  <datafield tag="952" ind1=" " ind2=" ">
    <subfield code="0">0</subfield>
    <subfield code="1">0</subfield>
    <subfield code="3">Part- 1</subfield>
    <subfield code="4">0</subfield>
    <subfield code="7">0</subfield>
    <subfield code="8">NFIC</subfield>
    <subfield code="a">M</subfield>
    <subfield code="b">M</subfield>
    <subfield code="d">2019-04-22</subfield>
    <subfield code="e">Rainbow Books/RB/9706/20-03-19/628/13-03-19/28-03-19</subfield>
    <subfield code="g">120.00</subfield>
    <subfield code="l">0</subfield>
    <subfield code="o">030 RAI</subfield>
    <subfield code="p">B-718590</subfield>
    <subfield code="r">2019-04-22 00:00:00</subfield>
    <subfield code="t">20</subfield>
    <subfield code="v">120.00</subfield>
    <subfield code="y">CH</subfield>
    <subfield code="z">AAI(CSR)</subfield>
  </datafield>
  <datafield tag="952" ind1=" " ind2=" ">
    <subfield code="0">0</subfield>
    <subfield code="1">0</subfield>
    <subfield code="3">Part- 2</subfield>
    <subfield code="4">0</subfield>
    <subfield code="7">0</subfield>
    <subfield code="8">NFIC</subfield>
    <subfield code="a">M</subfield>
    <subfield code="b">M</subfield>
    <subfield code="d">2019-04-22</subfield>
    <subfield code="e">Rainbow Books/RB/9706/20-03-19/628/13-03-19/28-03-19</subfield>
    <subfield code="g">120.00</subfield>
    <subfield code="l">0</subfield>
    <subfield code="o">030 RAI</subfield>
    <subfield code="p">B-718591</subfield>
    <subfield code="r">2019-04-22 00:00:00</subfield>
    <subfield code="t">20</subfield>
    <subfield code="v">120.00</subfield>
    <subfield code="y">CH</subfield>
    <subfield code="z">AAI(CSR)</subfield>
  </datafield>
  <datafield tag="952" ind1=" " ind2=" ">
    <subfield code="0">0</subfield>
    <subfield code="1">0</subfield>
    <subfield code="3">Part- 3</subfield>
    <subfield code="4">0</subfield>
    <subfield code="7">0</subfield>
    <subfield code="8">NFIC</subfield>
    <subfield code="a">M</subfield>
    <subfield code="b">M</subfield>
    <subfield code="d">2019-04-22</subfield>
    <subfield code="e">Rainbow Books/RB/9706/20-03-19/628/13-03-19/28-03-19</subfield>
    <subfield code="g">120.00</subfield>
    <subfield code="l">0</subfield>
    <subfield code="o">030 RAI</subfield>
    <subfield code="p">B-718592</subfield>
    <subfield code="r">2019-04-22 00:00:00</subfield>
    <subfield code="t">20</subfield>
    <subfield code="v">120.00</subfield>
    <subfield code="y">CH</subfield>
    <subfield code="z">AAI(CSR)</subfield>
  </datafield>
  <datafield tag="952" ind1=" " ind2=" ">
    <subfield code="0">0</subfield>
    <subfield code="1">0</subfield>
    <subfield code="3">Part- 4</subfield>
    <subfield code="4">0</subfield>
    <subfield code="7">0</subfield>
    <subfield code="8">NFIC</subfield>
    <subfield code="a">M</subfield>
    <subfield code="b">M</subfield>
    <subfield code="d">2019-04-22</subfield>
    <subfield code="e">Rainbow Books/RB/9706/20-03-19/628/13-03-19/28-03-19</subfield>
    <subfield code="g">120.00</subfield>
    <subfield code="l">0</subfield>
    <subfield code="o">030 RAI</subfield>
    <subfield code="p">B-718593</subfield>
    <subfield code="r">2019-04-22 00:00:00</subfield>
    <subfield code="t">20</subfield>
    <subfield code="v">120.00</subfield>
    <subfield code="y">CH</subfield>
    <subfield code="z">AAI(CSR)</subfield>
  </datafield>
  <datafield tag="952" ind1=" " ind2=" ">
    <subfield code="0">0</subfield>
    <subfield code="1">0</subfield>
    <subfield code="3">Part- 1</subfield>
    <subfield code="4">0</subfield>
    <subfield code="7">0</subfield>
    <subfield code="8">NFIC</subfield>
    <subfield code="a">M</subfield>
    <subfield code="b">M</subfield>
    <subfield code="d">2019-04-22</subfield>
    <subfield code="e">Rainbow Books/RB/9706/20-03-19/628/13-03-19/28-03-19</subfield>
    <subfield code="g">120.00</subfield>
    <subfield code="l">0</subfield>
    <subfield code="o">030 RAI</subfield>
    <subfield code="p">B-718594</subfield>
    <subfield code="r">2019-04-22 00:00:00</subfield>
    <subfield code="t">20</subfield>
    <subfield code="v">120.00</subfield>
    <subfield code="y">CH</subfield>
    <subfield code="z">AAI(CSR)</subfield>
  </datafield>
  <datafield tag="952" ind1=" " ind2=" ">
    <subfield code="0">0</subfield>
    <subfield code="1">0</subfield>
    <subfield code="3">Part- 2</subfield>
    <subfield code="4">0</subfield>
    <subfield code="7">0</subfield>
    <subfield code="8">NFIC</subfield>
    <subfield code="a">M</subfield>
    <subfield code="b">M</subfield>
    <subfield code="d">2019-04-22</subfield>
    <subfield code="e">Rainbow Books/RB/9706/20-03-19/628/13-03-19/28-03-19</subfield>
    <subfield code="g">120.00</subfield>
    <subfield code="l">0</subfield>
    <subfield code="o">030 RAI</subfield>
    <subfield code="p">B-718595</subfield>
    <subfield code="r">2019-04-22 00:00:00</subfield>
    <subfield code="t">20</subfield>
    <subfield code="v">120.00</subfield>
    <subfield code="y">CH</subfield>
    <subfield code="z">AAI(CSR)</subfield>
  </datafield>
  <datafield tag="952" ind1=" " ind2=" ">
    <subfield code="0">0</subfield>
    <subfield code="1">0</subfield>
    <subfield code="3">Part- 3</subfield>
    <subfield code="4">0</subfield>
    <subfield code="7">0</subfield>
    <subfield code="8">NFIC</subfield>
    <subfield code="a">M</subfield>
    <subfield code="b">M</subfield>
    <subfield code="d">2019-04-22</subfield>
    <subfield code="e">Rainbow Books/RB/9706/20-03-19/628/13-03-19/28-03-19</subfield>
    <subfield code="g">120.00</subfield>
    <subfield code="l">0</subfield>
    <subfield code="o">030 RAI</subfield>
    <subfield code="p">B-718596</subfield>
    <subfield code="r">2019-04-22 00:00:00</subfield>
    <subfield code="t">20</subfield>
    <subfield code="v">120.00</subfield>
    <subfield code="y">CH</subfield>
    <subfield code="z">AAI(CSR)</subfield>
  </datafield>
  <datafield tag="952" ind1=" " ind2=" ">
    <subfield code="0">0</subfield>
    <subfield code="1">0</subfield>
    <subfield code="3">Part- 4</subfield>
    <subfield code="4">0</subfield>
    <subfield code="7">0</subfield>
    <subfield code="8">NFIC</subfield>
    <subfield code="a">M</subfield>
    <subfield code="b">M</subfield>
    <subfield code="d">2019-04-22</subfield>
    <subfield code="e">Rainbow Books/RB/9706/20-03-19/628/13-03-19/28-03-19</subfield>
    <subfield code="g">120.00</subfield>
    <subfield code="l">0</subfield>
    <subfield code="o">030 RAI</subfield>
    <subfield code="p">B-718597</subfield>
    <subfield code="r">2019-04-22 00:00:00</subfield>
    <subfield code="t">20</subfield>
    <subfield code="v">120.00</subfield>
    <subfield code="y">CH</subfield>
    <subfield code="z">AAI(CSR)</subfield>
  </datafield>
  <datafield tag="952" ind1=" " ind2=" ">
    <subfield code="0">0</subfield>
    <subfield code="1">0</subfield>
    <subfield code="3">Part- 1</subfield>
    <subfield code="4">0</subfield>
    <subfield code="7">0</subfield>
    <subfield code="8">NFIC</subfield>
    <subfield code="a">M</subfield>
    <subfield code="b">M</subfield>
    <subfield code="d">2019-04-22</subfield>
    <subfield code="e">Rainbow Books/RB/9706/20-03-19/628/13-03-19/28-03-19</subfield>
    <subfield code="g">120.00</subfield>
    <subfield code="l">0</subfield>
    <subfield code="o">030 RAI</subfield>
    <subfield code="p">B-718598</subfield>
    <subfield code="r">2019-04-22 00:00:00</subfield>
    <subfield code="t">20</subfield>
    <subfield code="v">120.00</subfield>
    <subfield code="y">CH</subfield>
    <subfield code="z">AAI(CSR)</subfield>
  </datafield>
  <datafield tag="952" ind1=" " ind2=" ">
    <subfield code="0">0</subfield>
    <subfield code="1">0</subfield>
    <subfield code="3">Part- 2</subfield>
    <subfield code="4">0</subfield>
    <subfield code="7">0</subfield>
    <subfield code="8">NFIC</subfield>
    <subfield code="a">M</subfield>
    <subfield code="b">M</subfield>
    <subfield code="d">2019-04-22</subfield>
    <subfield code="e">Rainbow Books/RB/9706/20-03-19/628/13-03-19/28-03-19</subfield>
    <subfield code="g">120.00</subfield>
    <subfield code="l">0</subfield>
    <subfield code="o">030 RAI</subfield>
    <subfield code="p">B-718599</subfield>
    <subfield code="r">2019-04-22 00:00:00</subfield>
    <subfield code="t">20</subfield>
    <subfield code="v">120.00</subfield>
    <subfield code="y">CH</subfield>
    <subfield code="z">AAI(CSR)</subfield>
  </datafield>
  <datafield tag="952" ind1=" " ind2=" ">
    <subfield code="0">0</subfield>
    <subfield code="1">0</subfield>
    <subfield code="3">Part- 3</subfield>
    <subfield code="4">0</subfield>
    <subfield code="7">0</subfield>
    <subfield code="8">NFIC</subfield>
    <subfield code="a">M</subfield>
    <subfield code="b">M</subfield>
    <subfield code="d">2019-04-22</subfield>
    <subfield code="e">Rainbow Books/RB/9706/20-03-19/628/13-03-19/28-03-19</subfield>
    <subfield code="g">120.00</subfield>
    <subfield code="l">0</subfield>
    <subfield code="o">030 RAI</subfield>
    <subfield code="p">B-718600</subfield>
    <subfield code="r">2019-04-22 00:00:00</subfield>
    <subfield code="t">20</subfield>
    <subfield code="v">120.00</subfield>
    <subfield code="y">CH</subfield>
    <subfield code="z">AAI(CSR)</subfield>
  </datafield>
  <datafield tag="952" ind1=" " ind2=" ">
    <subfield code="0">0</subfield>
    <subfield code="1">0</subfield>
    <subfield code="3">Part- 4</subfield>
    <subfield code="4">0</subfield>
    <subfield code="7">0</subfield>
    <subfield code="8">NFIC</subfield>
    <subfield code="a">M</subfield>
    <subfield code="b">M</subfield>
    <subfield code="d">2019-04-22</subfield>
    <subfield code="e">Rainbow Books/RB/9706/20-03-19/628/13-03-19/28-03-19</subfield>
    <subfield code="g">120.00</subfield>
    <subfield code="l">0</subfield>
    <subfield code="o">030 RAI</subfield>
    <subfield code="p">B-718601</subfield>
    <subfield code="r">2019-04-22 00:00:00</subfield>
    <subfield code="t">20</subfield>
    <subfield code="v">120.00</subfield>
    <subfield code="y">CH</subfield>
    <subfield code="z">AAI(CSR)</subfield>
  </datafield>
  <datafield tag="952" ind1=" " ind2=" ">
    <subfield code="0">0</subfield>
    <subfield code="1">0</subfield>
    <subfield code="3">Part- 1</subfield>
    <subfield code="4">0</subfield>
    <subfield code="7">0</subfield>
    <subfield code="8">NFIC</subfield>
    <subfield code="a">M</subfield>
    <subfield code="b">M</subfield>
    <subfield code="d">2019-04-22</subfield>
    <subfield code="e">Rainbow Books/RB/9706/20-03-19/628/13-03-19/28-03-19</subfield>
    <subfield code="g">120.00</subfield>
    <subfield code="l">0</subfield>
    <subfield code="o">030 RAI</subfield>
    <subfield code="p">B-718602</subfield>
    <subfield code="r">2019-04-22 00:00:00</subfield>
    <subfield code="t">20</subfield>
    <subfield code="v">120.00</subfield>
    <subfield code="y">CH</subfield>
    <subfield code="z">AAI(CSR)</subfield>
  </datafield>
  <datafield tag="952" ind1=" " ind2=" ">
    <subfield code="0">0</subfield>
    <subfield code="1">0</subfield>
    <subfield code="3">Part- 2</subfield>
    <subfield code="4">0</subfield>
    <subfield code="7">0</subfield>
    <subfield code="8">NFIC</subfield>
    <subfield code="a">M</subfield>
    <subfield code="b">M</subfield>
    <subfield code="d">2019-04-22</subfield>
    <subfield code="e">Rainbow Books/RB/9706/20-03-19/628/13-03-19/28-03-19</subfield>
    <subfield code="g">120.00</subfield>
    <subfield code="l">0</subfield>
    <subfield code="o">030 RAI</subfield>
    <subfield code="p">B-718603</subfield>
    <subfield code="r">2019-04-22 00:00:00</subfield>
    <subfield code="t">20</subfield>
    <subfield code="v">120.00</subfield>
    <subfield code="y">CH</subfield>
    <subfield code="z">AAI(CSR)</subfield>
  </datafield>
  <datafield tag="952" ind1=" " ind2=" ">
    <subfield code="0">0</subfield>
    <subfield code="1">0</subfield>
    <subfield code="3">Part- 3</subfield>
    <subfield code="4">0</subfield>
    <subfield code="7">0</subfield>
    <subfield code="8">NFIC</subfield>
    <subfield code="a">M</subfield>
    <subfield code="b">M</subfield>
    <subfield code="d">2019-04-22</subfield>
    <subfield code="e">Rainbow Books/RB/9706/20-03-19/628/13-03-19/28-03-19</subfield>
    <subfield code="g">120.00</subfield>
    <subfield code="l">0</subfield>
    <subfield code="o">030 RAI</subfield>
    <subfield code="p">B-718604</subfield>
    <subfield code="r">2019-04-22 00:00:00</subfield>
    <subfield code="t">20</subfield>
    <subfield code="v">120.00</subfield>
    <subfield code="y">CH</subfield>
    <subfield code="z">AAI(CSR)</subfield>
  </datafield>
  <datafield tag="952" ind1=" " ind2=" ">
    <subfield code="0">0</subfield>
    <subfield code="1">0</subfield>
    <subfield code="3">Part- 4</subfield>
    <subfield code="4">0</subfield>
    <subfield code="7">0</subfield>
    <subfield code="8">NFIC</subfield>
    <subfield code="a">M</subfield>
    <subfield code="b">M</subfield>
    <subfield code="d">2019-04-22</subfield>
    <subfield code="e">Rainbow Books/RB/9706/20-03-19/628/13-03-19/28-03-19</subfield>
    <subfield code="g">120.00</subfield>
    <subfield code="l">0</subfield>
    <subfield code="o">030 RAI</subfield>
    <subfield code="p">B-718605</subfield>
    <subfield code="r">2019-04-22 00:00:00</subfield>
    <subfield code="t">20</subfield>
    <subfield code="v">120.00</subfield>
    <subfield code="y">CH</subfield>
    <subfield code="z">AAI(CSR)</subfield>
  </datafield>
  <datafield tag="952" ind1=" " ind2=" ">
    <subfield code="0">0</subfield>
    <subfield code="1">0</subfield>
    <subfield code="3">Part- 1</subfield>
    <subfield code="4">0</subfield>
    <subfield code="7">0</subfield>
    <subfield code="8">NFIC</subfield>
    <subfield code="a">M</subfield>
    <subfield code="b">M</subfield>
    <subfield code="d">2019-04-22</subfield>
    <subfield code="e">Rainbow Books/RB/9706/20-03-19/628/13-03-19/28-03-19</subfield>
    <subfield code="g">120.00</subfield>
    <subfield code="l">0</subfield>
    <subfield code="o">030 RAI</subfield>
    <subfield code="p">B-718606</subfield>
    <subfield code="r">2019-04-22 00:00:00</subfield>
    <subfield code="t">20</subfield>
    <subfield code="v">120.00</subfield>
    <subfield code="y">CH</subfield>
    <subfield code="z">AAI(CSR)</subfield>
  </datafield>
  <datafield tag="952" ind1=" " ind2=" ">
    <subfield code="0">0</subfield>
    <subfield code="1">0</subfield>
    <subfield code="3">Part- 2</subfield>
    <subfield code="4">0</subfield>
    <subfield code="7">0</subfield>
    <subfield code="8">NFIC</subfield>
    <subfield code="a">M</subfield>
    <subfield code="b">M</subfield>
    <subfield code="d">2019-04-22</subfield>
    <subfield code="e">Rainbow Books/RB/9706/20-03-19/628/13-03-19/28-03-19</subfield>
    <subfield code="g">120.00</subfield>
    <subfield code="l">0</subfield>
    <subfield code="o">030 RAI</subfield>
    <subfield code="p">B-718607</subfield>
    <subfield code="r">2019-04-22 00:00:00</subfield>
    <subfield code="t">20</subfield>
    <subfield code="v">120.00</subfield>
    <subfield code="y">CH</subfield>
    <subfield code="z">AAI(CSR)</subfield>
  </datafield>
  <datafield tag="952" ind1=" " ind2=" ">
    <subfield code="0">0</subfield>
    <subfield code="1">0</subfield>
    <subfield code="3">Part- 3</subfield>
    <subfield code="4">0</subfield>
    <subfield code="7">0</subfield>
    <subfield code="8">NFIC</subfield>
    <subfield code="a">M</subfield>
    <subfield code="b">M</subfield>
    <subfield code="d">2019-04-22</subfield>
    <subfield code="e">Rainbow Books/RB/9706/20-03-19/628/13-03-19/28-03-19</subfield>
    <subfield code="g">120.00</subfield>
    <subfield code="l">0</subfield>
    <subfield code="o">030 RAI</subfield>
    <subfield code="p">B-718608</subfield>
    <subfield code="r">2019-04-22 00:00:00</subfield>
    <subfield code="t">20</subfield>
    <subfield code="v">120.00</subfield>
    <subfield code="y">CH</subfield>
    <subfield code="z">AAI(CSR)</subfield>
  </datafield>
  <datafield tag="952" ind1=" " ind2=" ">
    <subfield code="0">0</subfield>
    <subfield code="1">0</subfield>
    <subfield code="3">Part- 4</subfield>
    <subfield code="4">0</subfield>
    <subfield code="7">0</subfield>
    <subfield code="8">NFIC</subfield>
    <subfield code="a">M</subfield>
    <subfield code="b">M</subfield>
    <subfield code="d">2019-04-22</subfield>
    <subfield code="e">Rainbow Books/RB/9706/20-03-19/628/13-03-19/28-03-19</subfield>
    <subfield code="g">120.00</subfield>
    <subfield code="l">0</subfield>
    <subfield code="o">030 RAI</subfield>
    <subfield code="p">B-718609</subfield>
    <subfield code="r">2019-04-22 00:00:00</subfield>
    <subfield code="t">20</subfield>
    <subfield code="v">120.00</subfield>
    <subfield code="y">CH</subfield>
    <subfield code="z">AAI(CSR)</subfield>
  </datafield>
  <datafield tag="952" ind1=" " ind2=" ">
    <subfield code="0">0</subfield>
    <subfield code="1">0</subfield>
    <subfield code="3">Part- 1</subfield>
    <subfield code="4">0</subfield>
    <subfield code="7">0</subfield>
    <subfield code="8">NFIC</subfield>
    <subfield code="a">M</subfield>
    <subfield code="b">M</subfield>
    <subfield code="d">2019-04-22</subfield>
    <subfield code="e">Rainbow Books/RB/9706/20-03-19/628/13-03-19/28-03-19</subfield>
    <subfield code="g">120.00</subfield>
    <subfield code="l">0</subfield>
    <subfield code="o">030 RAI</subfield>
    <subfield code="p">B-718610</subfield>
    <subfield code="r">2019-04-22 00:00:00</subfield>
    <subfield code="t">20</subfield>
    <subfield code="v">120.00</subfield>
    <subfield code="y">CH</subfield>
    <subfield code="z">AAI(CSR)</subfield>
  </datafield>
  <datafield tag="952" ind1=" " ind2=" ">
    <subfield code="0">0</subfield>
    <subfield code="1">0</subfield>
    <subfield code="3">Part- 2</subfield>
    <subfield code="4">0</subfield>
    <subfield code="7">0</subfield>
    <subfield code="8">NFIC</subfield>
    <subfield code="a">M</subfield>
    <subfield code="b">M</subfield>
    <subfield code="d">2019-04-22</subfield>
    <subfield code="e">Rainbow Books/RB/9706/20-03-19/628/13-03-19/28-03-19</subfield>
    <subfield code="g">120.00</subfield>
    <subfield code="l">0</subfield>
    <subfield code="o">030 RAI</subfield>
    <subfield code="p">B-718611</subfield>
    <subfield code="r">2019-04-22 00:00:00</subfield>
    <subfield code="t">20</subfield>
    <subfield code="v">120.00</subfield>
    <subfield code="y">CH</subfield>
    <subfield code="z">AAI(CSR)</subfield>
  </datafield>
  <datafield tag="952" ind1=" " ind2=" ">
    <subfield code="0">0</subfield>
    <subfield code="1">0</subfield>
    <subfield code="3">Part- 3</subfield>
    <subfield code="4">0</subfield>
    <subfield code="7">0</subfield>
    <subfield code="8">NFIC</subfield>
    <subfield code="a">M</subfield>
    <subfield code="b">M</subfield>
    <subfield code="d">2019-04-22</subfield>
    <subfield code="e">Rainbow Books/RB/9706/20-03-19/628/13-03-19/28-03-19</subfield>
    <subfield code="g">120.00</subfield>
    <subfield code="l">0</subfield>
    <subfield code="o">030 RAI</subfield>
    <subfield code="p">B-718612</subfield>
    <subfield code="r">2019-04-22 00:00:00</subfield>
    <subfield code="t">20</subfield>
    <subfield code="v">120.00</subfield>
    <subfield code="y">CH</subfield>
    <subfield code="z">AAI(CSR)</subfield>
  </datafield>
  <datafield tag="952" ind1=" " ind2=" ">
    <subfield code="0">0</subfield>
    <subfield code="1">0</subfield>
    <subfield code="3">Part- 4</subfield>
    <subfield code="4">0</subfield>
    <subfield code="7">0</subfield>
    <subfield code="8">NFIC</subfield>
    <subfield code="a">M</subfield>
    <subfield code="b">M</subfield>
    <subfield code="d">2019-04-22</subfield>
    <subfield code="e">Rainbow Books/RB/9706/20-03-19/628/13-03-19/28-03-19</subfield>
    <subfield code="g">120.00</subfield>
    <subfield code="l">0</subfield>
    <subfield code="o">030 RAI</subfield>
    <subfield code="p">B-718613</subfield>
    <subfield code="r">2019-04-22 00:00:00</subfield>
    <subfield code="t">20</subfield>
    <subfield code="v">120.00</subfield>
    <subfield code="y">CH</subfield>
    <subfield code="z">AAI(CSR)</subfield>
  </datafield>
  <datafield tag="952" ind1=" " ind2=" ">
    <subfield code="0">0</subfield>
    <subfield code="1">0</subfield>
    <subfield code="3">Part- 1</subfield>
    <subfield code="4">0</subfield>
    <subfield code="7">0</subfield>
    <subfield code="8">NFIC</subfield>
    <subfield code="a">M</subfield>
    <subfield code="b">M</subfield>
    <subfield code="d">2019-04-22</subfield>
    <subfield code="e">Rainbow Books/RB/9706/20-03-19/628/13-03-19/28-03-19</subfield>
    <subfield code="g">120.00</subfield>
    <subfield code="l">0</subfield>
    <subfield code="o">030 RAI</subfield>
    <subfield code="p">B-718614</subfield>
    <subfield code="r">2019-04-22 00:00:00</subfield>
    <subfield code="t">20</subfield>
    <subfield code="v">120.00</subfield>
    <subfield code="y">CH</subfield>
    <subfield code="z">AAI(CSR)</subfield>
  </datafield>
  <datafield tag="952" ind1=" " ind2=" ">
    <subfield code="0">0</subfield>
    <subfield code="1">0</subfield>
    <subfield code="3">Part- 2</subfield>
    <subfield code="4">0</subfield>
    <subfield code="7">0</subfield>
    <subfield code="8">NFIC</subfield>
    <subfield code="a">M</subfield>
    <subfield code="b">M</subfield>
    <subfield code="d">2019-04-22</subfield>
    <subfield code="e">Rainbow Books/RB/9706/20-03-19/628/13-03-19/28-03-19</subfield>
    <subfield code="g">120.00</subfield>
    <subfield code="l">0</subfield>
    <subfield code="o">030 RAI</subfield>
    <subfield code="p">B-718615</subfield>
    <subfield code="r">2019-04-22 00:00:00</subfield>
    <subfield code="t">20</subfield>
    <subfield code="v">120.00</subfield>
    <subfield code="y">CH</subfield>
    <subfield code="z">AAI(CSR)</subfield>
  </datafield>
  <datafield tag="952" ind1=" " ind2=" ">
    <subfield code="0">0</subfield>
    <subfield code="1">0</subfield>
    <subfield code="3">Part- 3</subfield>
    <subfield code="4">0</subfield>
    <subfield code="7">0</subfield>
    <subfield code="8">NFIC</subfield>
    <subfield code="a">M</subfield>
    <subfield code="b">M</subfield>
    <subfield code="d">2019-04-22</subfield>
    <subfield code="e">Rainbow Books/RB/9706/20-03-19/628/13-03-19/28-03-19</subfield>
    <subfield code="g">120.00</subfield>
    <subfield code="l">0</subfield>
    <subfield code="o">030 RAI</subfield>
    <subfield code="p">B-718616</subfield>
    <subfield code="r">2019-04-22 00:00:00</subfield>
    <subfield code="t">20</subfield>
    <subfield code="v">120.00</subfield>
    <subfield code="y">CH</subfield>
    <subfield code="z">AAI(CSR)</subfield>
  </datafield>
  <datafield tag="952" ind1=" " ind2=" ">
    <subfield code="0">0</subfield>
    <subfield code="1">0</subfield>
    <subfield code="3">Part- 4</subfield>
    <subfield code="4">0</subfield>
    <subfield code="7">0</subfield>
    <subfield code="8">NFIC</subfield>
    <subfield code="a">M</subfield>
    <subfield code="b">M</subfield>
    <subfield code="d">2019-04-22</subfield>
    <subfield code="e">Rainbow Books/RB/9706/20-03-19/628/13-03-19/28-03-19</subfield>
    <subfield code="g">120.00</subfield>
    <subfield code="l">0</subfield>
    <subfield code="o">030 RAI</subfield>
    <subfield code="p">B-718617</subfield>
    <subfield code="r">2019-04-22 00:00:00</subfield>
    <subfield code="t">20</subfield>
    <subfield code="v">120.00</subfield>
    <subfield code="y">CH</subfield>
    <subfield code="z">AAI(CSR)</subfield>
  </datafield>
  <datafield tag="952" ind1=" " ind2=" ">
    <subfield code="0">0</subfield>
    <subfield code="1">0</subfield>
    <subfield code="3">Part- 1</subfield>
    <subfield code="4">0</subfield>
    <subfield code="7">0</subfield>
    <subfield code="8">NFIC</subfield>
    <subfield code="a">M</subfield>
    <subfield code="b">M</subfield>
    <subfield code="d">2019-04-22</subfield>
    <subfield code="e">Rainbow Books/RB/9706/20-03-19/628/13-03-19/28-03-19</subfield>
    <subfield code="g">120.00</subfield>
    <subfield code="l">0</subfield>
    <subfield code="o">030 RAI</subfield>
    <subfield code="p">B-718618</subfield>
    <subfield code="r">2019-04-22 00:00:00</subfield>
    <subfield code="t">20</subfield>
    <subfield code="v">120.00</subfield>
    <subfield code="y">CH</subfield>
    <subfield code="z">AAI(CSR)</subfield>
  </datafield>
  <datafield tag="952" ind1=" " ind2=" ">
    <subfield code="0">0</subfield>
    <subfield code="1">0</subfield>
    <subfield code="3">Part- 2</subfield>
    <subfield code="4">0</subfield>
    <subfield code="7">0</subfield>
    <subfield code="8">NFIC</subfield>
    <subfield code="a">M</subfield>
    <subfield code="b">M</subfield>
    <subfield code="d">2019-04-22</subfield>
    <subfield code="e">Rainbow Books/RB/9706/20-03-19/628/13-03-19/28-03-19</subfield>
    <subfield code="g">120.00</subfield>
    <subfield code="l">0</subfield>
    <subfield code="o">030 RAI</subfield>
    <subfield code="p">B-718619</subfield>
    <subfield code="r">2019-04-22 00:00:00</subfield>
    <subfield code="t">20</subfield>
    <subfield code="v">120.00</subfield>
    <subfield code="y">CH</subfield>
    <subfield code="z">AAI(CSR)</subfield>
  </datafield>
  <datafield tag="952" ind1=" " ind2=" ">
    <subfield code="0">0</subfield>
    <subfield code="1">0</subfield>
    <subfield code="3">Part- 3</subfield>
    <subfield code="4">0</subfield>
    <subfield code="7">0</subfield>
    <subfield code="8">NFIC</subfield>
    <subfield code="a">M</subfield>
    <subfield code="b">M</subfield>
    <subfield code="d">2019-04-22</subfield>
    <subfield code="e">Rainbow Books/RB/9706/20-03-19/628/13-03-19/28-03-19</subfield>
    <subfield code="g">120.00</subfield>
    <subfield code="l">0</subfield>
    <subfield code="o">030 RAI</subfield>
    <subfield code="p">B-718620</subfield>
    <subfield code="r">2019-04-22 00:00:00</subfield>
    <subfield code="t">20</subfield>
    <subfield code="v">120.00</subfield>
    <subfield code="y">CH</subfield>
    <subfield code="z">AAI(CSR)</subfield>
  </datafield>
  <datafield tag="952" ind1=" " ind2=" ">
    <subfield code="0">0</subfield>
    <subfield code="1">0</subfield>
    <subfield code="3">Part- 4</subfield>
    <subfield code="4">0</subfield>
    <subfield code="7">0</subfield>
    <subfield code="8">NFIC</subfield>
    <subfield code="a">M</subfield>
    <subfield code="b">M</subfield>
    <subfield code="d">2019-04-22</subfield>
    <subfield code="e">Rainbow Books/RB/9706/20-03-19/628/13-03-19/28-03-19</subfield>
    <subfield code="g">120.00</subfield>
    <subfield code="l">0</subfield>
    <subfield code="o">030 RAI</subfield>
    <subfield code="p">B-718621</subfield>
    <subfield code="r">2019-04-22 00:00:00</subfield>
    <subfield code="t">20</subfield>
    <subfield code="v">120.00</subfield>
    <subfield code="y">CH</subfield>
    <subfield code="z">AAI(CSR)</subfield>
  </datafield>
  <datafield tag="952" ind1=" " ind2=" ">
    <subfield code="0">0</subfield>
    <subfield code="1">0</subfield>
    <subfield code="3">Part- 1</subfield>
    <subfield code="4">0</subfield>
    <subfield code="7">0</subfield>
    <subfield code="8">NFIC</subfield>
    <subfield code="a">M</subfield>
    <subfield code="b">M</subfield>
    <subfield code="d">2019-04-22</subfield>
    <subfield code="e">Rainbow Books/RB/9706/20-03-19/628/13-03-19/28-03-19</subfield>
    <subfield code="g">120.00</subfield>
    <subfield code="l">0</subfield>
    <subfield code="o">030 RAI</subfield>
    <subfield code="p">B-718622</subfield>
    <subfield code="r">2019-04-22 00:00:00</subfield>
    <subfield code="t">20</subfield>
    <subfield code="v">120.00</subfield>
    <subfield code="y">CH</subfield>
    <subfield code="z">AAI(CSR)</subfield>
  </datafield>
  <datafield tag="952" ind1=" " ind2=" ">
    <subfield code="0">0</subfield>
    <subfield code="1">0</subfield>
    <subfield code="3">Part- 2</subfield>
    <subfield code="4">0</subfield>
    <subfield code="7">0</subfield>
    <subfield code="8">NFIC</subfield>
    <subfield code="a">M</subfield>
    <subfield code="b">M</subfield>
    <subfield code="d">2019-04-22</subfield>
    <subfield code="e">Rainbow Books/RB/9706/20-03-19/628/13-03-19/28-03-19</subfield>
    <subfield code="g">120.00</subfield>
    <subfield code="l">0</subfield>
    <subfield code="o">030 RAI</subfield>
    <subfield code="p">B-718623</subfield>
    <subfield code="r">2019-04-22 00:00:00</subfield>
    <subfield code="t">20</subfield>
    <subfield code="v">120.00</subfield>
    <subfield code="y">CH</subfield>
    <subfield code="z">AAI(CSR)</subfield>
  </datafield>
  <datafield tag="952" ind1=" " ind2=" ">
    <subfield code="0">0</subfield>
    <subfield code="1">0</subfield>
    <subfield code="3">Part- 3</subfield>
    <subfield code="4">0</subfield>
    <subfield code="7">0</subfield>
    <subfield code="8">NFIC</subfield>
    <subfield code="a">M</subfield>
    <subfield code="b">M</subfield>
    <subfield code="d">2019-04-22</subfield>
    <subfield code="e">Rainbow Books/RB/9706/20-03-19/628/13-03-19/28-03-19</subfield>
    <subfield code="g">120.00</subfield>
    <subfield code="l">0</subfield>
    <subfield code="o">030 RAI</subfield>
    <subfield code="p">B-718624</subfield>
    <subfield code="r">2019-04-22 00:00:00</subfield>
    <subfield code="t">20</subfield>
    <subfield code="v">120.00</subfield>
    <subfield code="y">CH</subfield>
    <subfield code="z">AAI(CSR)</subfield>
  </datafield>
  <datafield tag="952" ind1=" " ind2=" ">
    <subfield code="0">0</subfield>
    <subfield code="1">0</subfield>
    <subfield code="3">Part- 4</subfield>
    <subfield code="4">0</subfield>
    <subfield code="7">0</subfield>
    <subfield code="8">NFIC</subfield>
    <subfield code="a">M</subfield>
    <subfield code="b">M</subfield>
    <subfield code="d">2019-04-22</subfield>
    <subfield code="e">Rainbow Books/RB/9706/20-03-19/628/13-03-19/28-03-19</subfield>
    <subfield code="g">120.00</subfield>
    <subfield code="l">0</subfield>
    <subfield code="o">030 RAI</subfield>
    <subfield code="p">B-718625</subfield>
    <subfield code="r">2019-04-22 00:00:00</subfield>
    <subfield code="t">20</subfield>
    <subfield code="v">120.00</subfield>
    <subfield code="y">CH</subfield>
    <subfield code="z">AAI(CSR)</subfield>
  </datafield>
  <datafield tag="952" ind1=" " ind2=" ">
    <subfield code="0">0</subfield>
    <subfield code="1">0</subfield>
    <subfield code="3">Part- 1</subfield>
    <subfield code="4">0</subfield>
    <subfield code="7">0</subfield>
    <subfield code="8">NFIC</subfield>
    <subfield code="a">M</subfield>
    <subfield code="b">M</subfield>
    <subfield code="d">2019-04-22</subfield>
    <subfield code="e">Rainbow Books/RB/9706/20-03-19/628/13-03-19/28-03-19</subfield>
    <subfield code="g">120.00</subfield>
    <subfield code="l">0</subfield>
    <subfield code="o">030 RAI</subfield>
    <subfield code="p">B-718626</subfield>
    <subfield code="r">2019-04-22 00:00:00</subfield>
    <subfield code="t">20</subfield>
    <subfield code="v">120.00</subfield>
    <subfield code="y">CH</subfield>
    <subfield code="z">AAI(CSR)</subfield>
  </datafield>
  <datafield tag="952" ind1=" " ind2=" ">
    <subfield code="0">0</subfield>
    <subfield code="1">0</subfield>
    <subfield code="3">Part- 2</subfield>
    <subfield code="4">0</subfield>
    <subfield code="7">0</subfield>
    <subfield code="8">NFIC</subfield>
    <subfield code="a">M</subfield>
    <subfield code="b">M</subfield>
    <subfield code="d">2019-04-22</subfield>
    <subfield code="e">Rainbow Books/RB/9706/20-03-19/628/13-03-19/28-03-19</subfield>
    <subfield code="g">120.00</subfield>
    <subfield code="l">0</subfield>
    <subfield code="o">030 RAI</subfield>
    <subfield code="p">B-718627</subfield>
    <subfield code="r">2019-04-22 00:00:00</subfield>
    <subfield code="t">20</subfield>
    <subfield code="v">120.00</subfield>
    <subfield code="y">CH</subfield>
    <subfield code="z">AAI(CSR)</subfield>
  </datafield>
  <datafield tag="952" ind1=" " ind2=" ">
    <subfield code="0">0</subfield>
    <subfield code="1">0</subfield>
    <subfield code="3">Part- 3</subfield>
    <subfield code="4">0</subfield>
    <subfield code="7">0</subfield>
    <subfield code="8">NFIC</subfield>
    <subfield code="a">M</subfield>
    <subfield code="b">M</subfield>
    <subfield code="d">2019-04-22</subfield>
    <subfield code="e">Rainbow Books/RB/9706/20-03-19/628/13-03-19/28-03-19</subfield>
    <subfield code="g">120.00</subfield>
    <subfield code="l">0</subfield>
    <subfield code="o">030 RAI</subfield>
    <subfield code="p">B-718628</subfield>
    <subfield code="r">2019-04-22 00:00:00</subfield>
    <subfield code="t">20</subfield>
    <subfield code="v">120.00</subfield>
    <subfield code="y">CH</subfield>
    <subfield code="z">AAI(CSR)</subfield>
  </datafield>
  <datafield tag="952" ind1=" " ind2=" ">
    <subfield code="0">0</subfield>
    <subfield code="1">0</subfield>
    <subfield code="3">Part- 4</subfield>
    <subfield code="4">0</subfield>
    <subfield code="7">0</subfield>
    <subfield code="8">NFIC</subfield>
    <subfield code="a">M</subfield>
    <subfield code="b">M</subfield>
    <subfield code="d">2019-04-22</subfield>
    <subfield code="e">Rainbow Books/RB/9706/20-03-19/628/13-03-19/28-03-19</subfield>
    <subfield code="g">120.00</subfield>
    <subfield code="l">0</subfield>
    <subfield code="o">030 RAI</subfield>
    <subfield code="p">B-718629</subfield>
    <subfield code="r">2019-04-22 00:00:00</subfield>
    <subfield code="t">20</subfield>
    <subfield code="v">120.00</subfield>
    <subfield code="y">CH</subfield>
    <subfield code="z">AAI(CSR)</subfield>
  </datafield>
  <datafield tag="952" ind1=" " ind2=" ">
    <subfield code="0">0</subfield>
    <subfield code="1">0</subfield>
    <subfield code="3">Part- 1</subfield>
    <subfield code="4">0</subfield>
    <subfield code="7">0</subfield>
    <subfield code="8">NFIC</subfield>
    <subfield code="a">M</subfield>
    <subfield code="b">M</subfield>
    <subfield code="d">2019-04-22</subfield>
    <subfield code="e">Rainbow Books/RB/9706/20-03-19/628/13-03-19/28-03-19</subfield>
    <subfield code="g">120.00</subfield>
    <subfield code="l">0</subfield>
    <subfield code="o">030 RAI</subfield>
    <subfield code="p">B-718630</subfield>
    <subfield code="r">2019-04-22 00:00:00</subfield>
    <subfield code="t">20</subfield>
    <subfield code="v">120.00</subfield>
    <subfield code="y">CH</subfield>
    <subfield code="z">AAI(CSR)</subfield>
  </datafield>
  <datafield tag="952" ind1=" " ind2=" ">
    <subfield code="0">0</subfield>
    <subfield code="1">0</subfield>
    <subfield code="3">Part- 2</subfield>
    <subfield code="4">0</subfield>
    <subfield code="7">0</subfield>
    <subfield code="8">NFIC</subfield>
    <subfield code="a">M</subfield>
    <subfield code="b">M</subfield>
    <subfield code="d">2019-04-22</subfield>
    <subfield code="e">Rainbow Books/RB/9706/20-03-19/628/13-03-19/28-03-19</subfield>
    <subfield code="g">120.00</subfield>
    <subfield code="l">0</subfield>
    <subfield code="o">030 RAI</subfield>
    <subfield code="p">B-718631</subfield>
    <subfield code="r">2019-04-22 00:00:00</subfield>
    <subfield code="t">20</subfield>
    <subfield code="v">120.00</subfield>
    <subfield code="y">CH</subfield>
    <subfield code="z">AAI(CSR)</subfield>
  </datafield>
  <datafield tag="952" ind1=" " ind2=" ">
    <subfield code="0">0</subfield>
    <subfield code="1">0</subfield>
    <subfield code="3">Part- 3</subfield>
    <subfield code="4">0</subfield>
    <subfield code="7">0</subfield>
    <subfield code="8">NFIC</subfield>
    <subfield code="a">M</subfield>
    <subfield code="b">M</subfield>
    <subfield code="d">2019-04-22</subfield>
    <subfield code="e">Rainbow Books/RB/9706/20-03-19/628/13-03-19/28-03-19</subfield>
    <subfield code="g">120.00</subfield>
    <subfield code="l">0</subfield>
    <subfield code="o">030 RAI</subfield>
    <subfield code="p">B-718632</subfield>
    <subfield code="r">2019-04-22 00:00:00</subfield>
    <subfield code="t">20</subfield>
    <subfield code="v">120.00</subfield>
    <subfield code="y">CH</subfield>
    <subfield code="z">AAI(CSR)</subfield>
  </datafield>
  <datafield tag="952" ind1=" " ind2=" ">
    <subfield code="0">0</subfield>
    <subfield code="1">0</subfield>
    <subfield code="3">Part- 4</subfield>
    <subfield code="4">0</subfield>
    <subfield code="7">0</subfield>
    <subfield code="8">NFIC</subfield>
    <subfield code="a">M</subfield>
    <subfield code="b">M</subfield>
    <subfield code="d">2019-04-22</subfield>
    <subfield code="e">Rainbow Books/RB/9706/20-03-19/628/13-03-19/28-03-19</subfield>
    <subfield code="g">120.00</subfield>
    <subfield code="l">0</subfield>
    <subfield code="o">030 RAI</subfield>
    <subfield code="p">B-718633</subfield>
    <subfield code="r">2019-04-22 00:00:00</subfield>
    <subfield code="t">20</subfield>
    <subfield code="v">120.00</subfield>
    <subfield code="y">CH</subfield>
    <subfield code="z">AAI(CSR)</subfield>
  </datafield>
  <datafield tag="952" ind1=" " ind2=" ">
    <subfield code="0">0</subfield>
    <subfield code="1">0</subfield>
    <subfield code="3">Part- 1</subfield>
    <subfield code="4">0</subfield>
    <subfield code="7">0</subfield>
    <subfield code="8">NFIC</subfield>
    <subfield code="a">M</subfield>
    <subfield code="b">M</subfield>
    <subfield code="d">2019-04-22</subfield>
    <subfield code="e">Rainbow Books/RB/9706/20-03-19/628/13-03-19/28-03-19</subfield>
    <subfield code="g">120.00</subfield>
    <subfield code="l">0</subfield>
    <subfield code="o">030 RAI</subfield>
    <subfield code="p">B-718634</subfield>
    <subfield code="r">2019-04-22 00:00:00</subfield>
    <subfield code="t">20</subfield>
    <subfield code="v">120.00</subfield>
    <subfield code="y">CH</subfield>
    <subfield code="z">AAI(CSR)</subfield>
  </datafield>
  <datafield tag="952" ind1=" " ind2=" ">
    <subfield code="0">0</subfield>
    <subfield code="1">0</subfield>
    <subfield code="3">Part- 2</subfield>
    <subfield code="4">0</subfield>
    <subfield code="7">0</subfield>
    <subfield code="8">NFIC</subfield>
    <subfield code="a">M</subfield>
    <subfield code="b">M</subfield>
    <subfield code="d">2019-04-22</subfield>
    <subfield code="e">Rainbow Books/RB/9706/20-03-19/628/13-03-19/28-03-19</subfield>
    <subfield code="g">120.00</subfield>
    <subfield code="l">0</subfield>
    <subfield code="o">030 RAI</subfield>
    <subfield code="p">B-718635</subfield>
    <subfield code="r">2019-04-22 00:00:00</subfield>
    <subfield code="t">20</subfield>
    <subfield code="v">120.00</subfield>
    <subfield code="y">CH</subfield>
    <subfield code="z">AAI(CSR)</subfield>
  </datafield>
  <datafield tag="952" ind1=" " ind2=" ">
    <subfield code="0">0</subfield>
    <subfield code="1">0</subfield>
    <subfield code="3">Part- 3</subfield>
    <subfield code="4">0</subfield>
    <subfield code="7">0</subfield>
    <subfield code="8">NFIC</subfield>
    <subfield code="a">M</subfield>
    <subfield code="b">M</subfield>
    <subfield code="d">2019-04-22</subfield>
    <subfield code="e">Rainbow Books/RB/9706/20-03-19/628/13-03-19/28-03-19</subfield>
    <subfield code="g">120.00</subfield>
    <subfield code="l">0</subfield>
    <subfield code="o">030 RAI</subfield>
    <subfield code="p">B-718636</subfield>
    <subfield code="r">2019-04-22 00:00:00</subfield>
    <subfield code="t">20</subfield>
    <subfield code="v">120.00</subfield>
    <subfield code="y">CH</subfield>
    <subfield code="z">AAI(CSR)</subfield>
  </datafield>
  <datafield tag="952" ind1=" " ind2=" ">
    <subfield code="0">0</subfield>
    <subfield code="1">0</subfield>
    <subfield code="3">Part- 4</subfield>
    <subfield code="4">0</subfield>
    <subfield code="7">0</subfield>
    <subfield code="8">NFIC</subfield>
    <subfield code="a">M</subfield>
    <subfield code="b">M</subfield>
    <subfield code="d">2019-04-22</subfield>
    <subfield code="e">Rainbow Books/RB/9706/20-03-19/628/13-03-19/28-03-19</subfield>
    <subfield code="g">120.00</subfield>
    <subfield code="l">0</subfield>
    <subfield code="o">030 RAI</subfield>
    <subfield code="p">B-718637</subfield>
    <subfield code="r">2019-04-22 00:00:00</subfield>
    <subfield code="t">20</subfield>
    <subfield code="v">120.00</subfield>
    <subfield code="y">CH</subfield>
    <subfield code="z">AAI(CSR)</subfield>
  </datafield>
  <datafield tag="952" ind1=" " ind2=" ">
    <subfield code="0">0</subfield>
    <subfield code="1">0</subfield>
    <subfield code="3">Part- 1</subfield>
    <subfield code="4">0</subfield>
    <subfield code="7">0</subfield>
    <subfield code="8">NFIC</subfield>
    <subfield code="a">M</subfield>
    <subfield code="b">M</subfield>
    <subfield code="d">2019-04-22</subfield>
    <subfield code="e">Rainbow Books/RB/9706/20-03-19/628/13-03-19/28-03-19</subfield>
    <subfield code="g">120.00</subfield>
    <subfield code="l">0</subfield>
    <subfield code="o">030 RAI</subfield>
    <subfield code="p">B-718638</subfield>
    <subfield code="r">2019-04-22 00:00:00</subfield>
    <subfield code="t">20</subfield>
    <subfield code="v">120.00</subfield>
    <subfield code="y">CH</subfield>
    <subfield code="z">AAI(CSR)</subfield>
  </datafield>
  <datafield tag="952" ind1=" " ind2=" ">
    <subfield code="0">0</subfield>
    <subfield code="1">0</subfield>
    <subfield code="3">Part- 2</subfield>
    <subfield code="4">0</subfield>
    <subfield code="7">0</subfield>
    <subfield code="8">NFIC</subfield>
    <subfield code="a">M</subfield>
    <subfield code="b">M</subfield>
    <subfield code="d">2019-04-22</subfield>
    <subfield code="e">Rainbow Books/RB/9706/20-03-19/628/13-03-19/28-03-19</subfield>
    <subfield code="g">120.00</subfield>
    <subfield code="l">0</subfield>
    <subfield code="o">030 RAI</subfield>
    <subfield code="p">B-718639</subfield>
    <subfield code="r">2019-04-22 00:00:00</subfield>
    <subfield code="t">20</subfield>
    <subfield code="v">120.00</subfield>
    <subfield code="y">CH</subfield>
    <subfield code="z">AAI(CSR)</subfield>
  </datafield>
  <datafield tag="952" ind1=" " ind2=" ">
    <subfield code="0">0</subfield>
    <subfield code="1">0</subfield>
    <subfield code="3">Part- 3</subfield>
    <subfield code="4">0</subfield>
    <subfield code="7">0</subfield>
    <subfield code="8">NFIC</subfield>
    <subfield code="a">M</subfield>
    <subfield code="b">M</subfield>
    <subfield code="d">2019-04-22</subfield>
    <subfield code="e">Rainbow Books/RB/9706/20-03-19/628/13-03-19/28-03-19</subfield>
    <subfield code="g">120.00</subfield>
    <subfield code="l">0</subfield>
    <subfield code="o">030 RAI</subfield>
    <subfield code="p">B-718640</subfield>
    <subfield code="r">2019-04-22 00:00:00</subfield>
    <subfield code="t">20</subfield>
    <subfield code="v">120.00</subfield>
    <subfield code="y">CH</subfield>
    <subfield code="z">AAI(CSR)</subfield>
  </datafield>
  <datafield tag="952" ind1=" " ind2=" ">
    <subfield code="0">0</subfield>
    <subfield code="1">0</subfield>
    <subfield code="3">Part- 4</subfield>
    <subfield code="4">0</subfield>
    <subfield code="7">0</subfield>
    <subfield code="8">NFIC</subfield>
    <subfield code="a">M</subfield>
    <subfield code="b">M</subfield>
    <subfield code="d">2019-04-22</subfield>
    <subfield code="e">Rainbow Books/RB/9706/20-03-19/628/13-03-19/28-03-19</subfield>
    <subfield code="g">120.00</subfield>
    <subfield code="l">0</subfield>
    <subfield code="o">030 RAI</subfield>
    <subfield code="p">B-718641</subfield>
    <subfield code="r">2019-04-22 00:00:00</subfield>
    <subfield code="t">20</subfield>
    <subfield code="v">120.00</subfield>
    <subfield code="y">CH</subfield>
    <subfield code="z">AAI(CSR)</subfield>
  </datafield>
  <datafield tag="952" ind1=" " ind2=" ">
    <subfield code="0">0</subfield>
    <subfield code="1">0</subfield>
    <subfield code="3">Part- 1</subfield>
    <subfield code="4">0</subfield>
    <subfield code="7">0</subfield>
    <subfield code="8">NFIC</subfield>
    <subfield code="a">M</subfield>
    <subfield code="b">M</subfield>
    <subfield code="d">2019-04-22</subfield>
    <subfield code="e">Rainbow Books/RB/9706/20-03-19/628/13-03-19/28-03-19</subfield>
    <subfield code="g">120.00</subfield>
    <subfield code="l">0</subfield>
    <subfield code="o">030 RAI</subfield>
    <subfield code="p">B-718642</subfield>
    <subfield code="r">2019-04-22 00:00:00</subfield>
    <subfield code="t">20</subfield>
    <subfield code="v">120.00</subfield>
    <subfield code="y">CH</subfield>
    <subfield code="z">AAI(CSR)</subfield>
  </datafield>
  <datafield tag="952" ind1=" " ind2=" ">
    <subfield code="0">0</subfield>
    <subfield code="1">0</subfield>
    <subfield code="3">Part- 2</subfield>
    <subfield code="4">0</subfield>
    <subfield code="7">0</subfield>
    <subfield code="8">NFIC</subfield>
    <subfield code="a">M</subfield>
    <subfield code="b">M</subfield>
    <subfield code="d">2019-04-22</subfield>
    <subfield code="e">Rainbow Books/RB/9706/20-03-19/628/13-03-19/28-03-19</subfield>
    <subfield code="g">120.00</subfield>
    <subfield code="l">0</subfield>
    <subfield code="o">030 RAI</subfield>
    <subfield code="p">B-718643</subfield>
    <subfield code="r">2019-04-22 00:00:00</subfield>
    <subfield code="t">20</subfield>
    <subfield code="v">120.00</subfield>
    <subfield code="y">CH</subfield>
    <subfield code="z">AAI(CSR)</subfield>
  </datafield>
  <datafield tag="952" ind1=" " ind2=" ">
    <subfield code="0">0</subfield>
    <subfield code="1">0</subfield>
    <subfield code="3">Part- 3</subfield>
    <subfield code="4">0</subfield>
    <subfield code="7">0</subfield>
    <subfield code="8">NFIC</subfield>
    <subfield code="a">M</subfield>
    <subfield code="b">M</subfield>
    <subfield code="d">2019-04-22</subfield>
    <subfield code="e">Rainbow Books/RB/9706/20-03-19/628/13-03-19/28-03-19</subfield>
    <subfield code="g">120.00</subfield>
    <subfield code="l">0</subfield>
    <subfield code="o">030 RAI</subfield>
    <subfield code="p">B-718644</subfield>
    <subfield code="r">2019-04-22 00:00:00</subfield>
    <subfield code="t">20</subfield>
    <subfield code="v">120.00</subfield>
    <subfield code="y">CH</subfield>
    <subfield code="z">AAI(CSR)</subfield>
  </datafield>
  <datafield tag="952" ind1=" " ind2=" ">
    <subfield code="0">0</subfield>
    <subfield code="1">0</subfield>
    <subfield code="3">Part- 4</subfield>
    <subfield code="4">0</subfield>
    <subfield code="7">0</subfield>
    <subfield code="8">NFIC</subfield>
    <subfield code="a">M</subfield>
    <subfield code="b">M</subfield>
    <subfield code="d">2019-04-22</subfield>
    <subfield code="e">Rainbow Books/RB/9706/20-03-19/628/13-03-19/28-03-19</subfield>
    <subfield code="g">120.00</subfield>
    <subfield code="l">0</subfield>
    <subfield code="o">030 RAI</subfield>
    <subfield code="p">B-718645</subfield>
    <subfield code="r">2019-04-22 00:00:00</subfield>
    <subfield code="t">20</subfield>
    <subfield code="v">120.00</subfield>
    <subfield code="y">CH</subfield>
    <subfield code="z">AAI(CSR)</subfield>
  </datafield>
  <datafield tag="952" ind1=" " ind2=" ">
    <subfield code="0">0</subfield>
    <subfield code="1">0</subfield>
    <subfield code="3">Part- 1</subfield>
    <subfield code="4">0</subfield>
    <subfield code="7">0</subfield>
    <subfield code="8">NFIC</subfield>
    <subfield code="a">L</subfield>
    <subfield code="b">L</subfield>
    <subfield code="d">2019-04-22</subfield>
    <subfield code="e">Rainbow Books/RB/9706/20-03-19/628/13-03-19/28-03-19</subfield>
    <subfield code="g">120.00</subfield>
    <subfield code="l">2</subfield>
    <subfield code="m">2</subfield>
    <subfield code="o">030 RAI</subfield>
    <subfield code="p">B-718646</subfield>
    <subfield code="r">2026-04-08 14:59:13</subfield>
    <subfield code="s">2026-03-28</subfield>
    <subfield code="t">1</subfield>
    <subfield code="v">120.00</subfield>
    <subfield code="y">CH</subfield>
    <subfield code="z">AAI(CSR)</subfield>
  </datafield>
  <datafield tag="952" ind1=" " ind2=" ">
    <subfield code="0">0</subfield>
    <subfield code="1">0</subfield>
    <subfield code="3">Part- 2</subfield>
    <subfield code="4">0</subfield>
    <subfield code="7">0</subfield>
    <subfield code="8">NFIC</subfield>
    <subfield code="a">L</subfield>
    <subfield code="b">L</subfield>
    <subfield code="d">2019-04-22</subfield>
    <subfield code="e">Rainbow Books/RB/9706/20-03-19/628/13-03-19/28-03-19</subfield>
    <subfield code="g">120.00</subfield>
    <subfield code="l">1</subfield>
    <subfield code="m">2</subfield>
    <subfield code="o">030 RAI</subfield>
    <subfield code="p">B-718647</subfield>
    <subfield code="r">2022-03-10 00:00:00</subfield>
    <subfield code="s">2022-01-27</subfield>
    <subfield code="t">1</subfield>
    <subfield code="v">120.00</subfield>
    <subfield code="y">CH</subfield>
    <subfield code="z">AAI(CSR)</subfield>
  </datafield>
  <datafield tag="952" ind1=" " ind2=" ">
    <subfield code="0">0</subfield>
    <subfield code="1">0</subfield>
    <subfield code="3">Part- 3</subfield>
    <subfield code="4">0</subfield>
    <subfield code="7">0</subfield>
    <subfield code="8">NFIC</subfield>
    <subfield code="a">L</subfield>
    <subfield code="b">L</subfield>
    <subfield code="d">2019-04-22</subfield>
    <subfield code="e">Rainbow Books/RB/9706/20-03-19/628/13-03-19/28-03-19</subfield>
    <subfield code="g">120.00</subfield>
    <subfield code="l">2</subfield>
    <subfield code="m">2</subfield>
    <subfield code="o">030 RAI</subfield>
    <subfield code="p">B-718648</subfield>
    <subfield code="r">2020-10-05 00:00:00</subfield>
    <subfield code="s">2020-09-19</subfield>
    <subfield code="t">1</subfield>
    <subfield code="v">120.00</subfield>
    <subfield code="y">CH</subfield>
    <subfield code="z">AAI(CSR)</subfield>
  </datafield>
  <datafield tag="952" ind1=" " ind2=" ">
    <subfield code="0">0</subfield>
    <subfield code="1">0</subfield>
    <subfield code="3">Part- 4</subfield>
    <subfield code="4">0</subfield>
    <subfield code="7">0</subfield>
    <subfield code="8">NFIC</subfield>
    <subfield code="a">L</subfield>
    <subfield code="b">L</subfield>
    <subfield code="d">2019-04-22</subfield>
    <subfield code="e">Rainbow Books/RB/9706/20-03-19/628/13-03-19/28-03-19</subfield>
    <subfield code="g">120.00</subfield>
    <subfield code="l">2</subfield>
    <subfield code="o">030 RAI</subfield>
    <subfield code="p">B-718649</subfield>
    <subfield code="r">2019-12-01 00:00:00</subfield>
    <subfield code="s">2019-11-18</subfield>
    <subfield code="t">1</subfield>
    <subfield code="v">120.00</subfield>
    <subfield code="y">CH</subfield>
    <subfield code="z">AAI(CSR)</subfield>
  </datafield>
  <datafield tag="952" ind1=" " ind2=" ">
    <subfield code="0">0</subfield>
    <subfield code="1">0</subfield>
    <subfield code="3">Part-1</subfield>
    <subfield code="4">0</subfield>
    <subfield code="7">0</subfield>
    <subfield code="8">NFIC</subfield>
    <subfield code="a">AV</subfield>
    <subfield code="b">AV</subfield>
    <subfield code="d">2019-08-09</subfield>
    <subfield code="e">Gift/05.08.2019</subfield>
    <subfield code="g">120.00</subfield>
    <subfield code="l">2</subfield>
    <subfield code="m">1</subfield>
    <subfield code="o">030 RAI</subfield>
    <subfield code="p">B-728558</subfield>
    <subfield code="r">2023-02-18 00:00:00</subfield>
    <subfield code="s">2023-01-28</subfield>
    <subfield code="t">1</subfield>
    <subfield code="v">120.00</subfield>
    <subfield code="w">2019-08-09</subfield>
    <subfield code="y">CH</subfield>
  </datafield>
  <datafield tag="952" ind1=" " ind2=" ">
    <subfield code="0">0</subfield>
    <subfield code="1">0</subfield>
    <subfield code="3">Part-2</subfield>
    <subfield code="4">0</subfield>
    <subfield code="7">0</subfield>
    <subfield code="8">NFIC</subfield>
    <subfield code="a">AV</subfield>
    <subfield code="b">AV</subfield>
    <subfield code="d">2019-08-09</subfield>
    <subfield code="e">Gift/05.08.2019</subfield>
    <subfield code="g">120.00</subfield>
    <subfield code="l">0</subfield>
    <subfield code="o">030 RAI</subfield>
    <subfield code="p">B-728559</subfield>
    <subfield code="r">2019-08-09 00:00:00</subfield>
    <subfield code="t">1</subfield>
    <subfield code="v">120.00</subfield>
    <subfield code="y">CH</subfield>
  </datafield>
  <datafield tag="952" ind1=" " ind2=" ">
    <subfield code="0">0</subfield>
    <subfield code="1">0</subfield>
    <subfield code="3">Part-3</subfield>
    <subfield code="4">0</subfield>
    <subfield code="7">0</subfield>
    <subfield code="8">NFIC</subfield>
    <subfield code="a">AV</subfield>
    <subfield code="b">AV</subfield>
    <subfield code="d">2019-08-09</subfield>
    <subfield code="e">Gift/05.08.2019</subfield>
    <subfield code="g">120.00</subfield>
    <subfield code="l">2</subfield>
    <subfield code="o">030 RAI</subfield>
    <subfield code="p">B-728560</subfield>
    <subfield code="r">2022-05-13 00:00:00</subfield>
    <subfield code="s">2022-04-27</subfield>
    <subfield code="t">1</subfield>
    <subfield code="v">120.00</subfield>
    <subfield code="y">CH</subfield>
  </datafield>
  <datafield tag="952" ind1=" " ind2=" ">
    <subfield code="0">0</subfield>
    <subfield code="1">0</subfield>
    <subfield code="3">Part-4</subfield>
    <subfield code="4">0</subfield>
    <subfield code="7">0</subfield>
    <subfield code="8">NFIC</subfield>
    <subfield code="a">AV</subfield>
    <subfield code="b">AV</subfield>
    <subfield code="d">2019-08-09</subfield>
    <subfield code="e">Gift/05.08.2019</subfield>
    <subfield code="g">120.00</subfield>
    <subfield code="l">2</subfield>
    <subfield code="o">030 RAI</subfield>
    <subfield code="p">B-728561</subfield>
    <subfield code="r">2022-05-13 00:00:00</subfield>
    <subfield code="s">2022-04-27</subfield>
    <subfield code="t">1</subfield>
    <subfield code="v">120.00</subfield>
    <subfield code="y">CH</subfield>
  </datafield>
  <datafield tag="952" ind1=" " ind2=" ">
    <subfield code="0">0</subfield>
    <subfield code="1">0</subfield>
    <subfield code="4">0</subfield>
    <subfield code="7">0</subfield>
    <subfield code="8">NFIC</subfield>
    <subfield code="a">L</subfield>
    <subfield code="b">L</subfield>
    <subfield code="d">2021-07-28</subfield>
    <subfield code="e">Gift/Eng/07-07-2021</subfield>
    <subfield code="g">120.00</subfield>
    <subfield code="l">1</subfield>
    <subfield code="o">030 RAI</subfield>
    <subfield code="p">B-740673</subfield>
    <subfield code="r">2022-06-04 00:00:00</subfield>
    <subfield code="s">2022-05-20</subfield>
    <subfield code="t">1</subfield>
    <subfield code="v">120.00</subfield>
    <subfield code="w">2021-07-28</subfield>
    <subfield code="y">CH</subfield>
    <subfield code="z">Gift</subfield>
  </datafield>
</record>
